Tematicko-apercepční test: interpretační perspektivy /
Uložené v:
| Hlavní autori: | , |
|---|---|
| Médium: | Kniha |
| Jazyk: | Czech |
| Vydané: |
Nové Zámky :
Psychoprof,
2012.
|
| Vydanie: | 1. vyd. |
| Témy: | |
| ISBN: |
9788089322121 (viaz.) |
| Fyzický popis: |
712 s. : tab. ; 23 cm. |
| Tagy: |
Pridať tag
Žiadne tagy, Buďte prvý kto otaguje tento záznam!
|
Titul je dostupný aj v ... 

MARC
| LEADER | 00000cam a2200000 a 4500 | ||
|---|---|---|---|
| 001 | 000431663 | ||
| 005 | 20131217135809.0 | ||
| 008 | 130807s2012 xo l g 001 0 cze d | ||
| 020 | |a 9788089322121 (viaz.) | ||
| 040 | |a SVKKK |b slo |c SVKKK |e AACR2 | ||
| 041 | 0 | |a cze |b eng | |
| 044 | |a xo |c SK | ||
| 072 | 7 | |a 159.9 |x Psychológia |2 konspekt | |
| 080 | |a 159.9 |2 2001 | ||
| 080 | |a 159.9.072 |2 2001 | ||
| 080 | |a 615.851.1 |2 2001 | ||
| 080 | |a 159.9.072.5 |2 2001 | ||
| 080 | |a 159.9.072:303.687 |2 2001 | ||
| 080 | |a (048.8) |2 2001 | ||
| 100 | 1 | |a Čermák, Ivo, |d 1956- | |
| 245 | 1 | 0 | |a Tematicko-apercepční test: interpretační perspektivy / |c Ivo Čermák, Táňa Fikarová (Eds.) a kolektiv. |
| 250 | |a 1. vyd. | ||
| 260 | |a Nové Zámky : |b Psychoprof, |c 2012. | ||
| 300 | |a 712 s. : |b tab. ; |c 23 cm. | ||
| 500 | |a Poznámky | ||
| 500 | |a Biograf. údaje o aut. | ||
| 504 | |a Bibliografia: s. 644-676; menný register: s. 697-709 | ||
| 546 | |a Resumé angl. | ||
| 650 | 0 | 7 | |a psychológia |2 SVKKKPH |
| 650 | 0 | 7 | |a psychologické testy |2 SVKKKPH |
| 650 | 0 | 7 | |a psychoanalýza |2 SVKKKPH |
| 650 | 0 | 7 | |a psychodiagnostika |2 SVKKKPH |
| 650 | 0 | 7 | |a tematický apercepčný test |2 SVKKKPH |
| 655 | 7 | |a monografie |2 SVKKKPH | |
| 700 | 1 | |a Fikarová, Táňa |4 aut |4 edt | |
| 910 | |a svkkk | ||
| 919 | |a 978-80-89322-12-1 | ||
| 998 | |a BK | ||
| 090 | |g SCKHL |k Sklad Hlavná 10 prízemie |a IV.218455 |j 1048409 |i 2720298730 |s Absenčne | ||